A to Z of international trade.
| Main Author: | |
|---|---|
| Format: | Book |
| Published: |
Paris:
ICC Publishing S.A,
2002.
|
| Series: | ICC Publication, no 623
|
| Subjects: |
| LEADER | 00457cam a2200157 7i4500 | ||
|---|---|---|---|
| 001 | 0000015147 | ||
| 005 | 20050317090000.0 | ||
| 020 | 0 | 0 | |a 92-842-1277-4 |
| 090 | 0 | 0 | |a REF 330.1 |b REY |
| 100 | 1 | 0 | |a Reynolds |
| 245 | 1 | 0 | |a A to Z of international trade. |
| 260 | 0 | 0 | |a Paris: |b ICC Publishing S.A, |c 2002. |
| 300 | # | # | |a 334 p. |
| 440 | 0 | 0 | |a ICC Publication, no 623 |
| 650 | 0 | 0 | |a International trade -- |x Directories |
| 999 | |a B000016656 |b Book |c Reference |e Business Information Centre | ||


